000 00589nam a2200193 i 4500
001 51417
003 ES-MaACL
005 20240524062952.0
007 t|
008 030813s1929 fr ||||1| fre d
100 0 _aChesterton, G. K.,
_d1874-1936
_938399
245 1 3 _aLe secret de Pére Brown /
_cG.K. Chesterton ; traduit de l'anglais par François Maury.
250 _a3eme ed.
260 _aParís :
_bGallimard,
_c1929 (
_fF. Paillart)
300 _a257 p. ;
_c19 cm.
700 0 _aMaury, François.
_979273
852 _aES-MaACL
_jA-2425
999 _c51417
_d51417